Search the Library Catalogue
| 000 -LEADER | |
|---|---|
| fixed length control field | 00403nam a2200157 a 4500 |
| 008 - FIXED-LENGTH DATA ELEMENTS--GENERAL INFORMATION | |
| fixed length control field | 260227s2026##################000#0#eng## |
| 020 ## - INTERNATIONAL STANDARD BOOK NUMBER | |
| ISBN | 9790820476413 |
| Paper back/Hardbound | hbk |
| 041 ## - LANGUAGE CODE | |
| Language code of text/sound track or separate title | eng |
| 082 04 - DEWEY DECIMAL CLASSIFICATION NUMBER | |
| Classification number | 324.273 |
| Item number | PAD.9 |
| 100 ## - MAIN ENTRY--AUTHOR NAME | |
| Personal name | Paddock |
| 245 10 - TITLE STATEMENT | |
| Title | State and National Parties ; & American Democracy |
| Statement of responsibility, etc | /Joel Paddock |
| 300 ## - PHYSICAL DESCRIPTION | |
| Number of Pages | 224p,; |
| Dimensions | 20 cm. |
| 504 ## - BIBLIOGRAPHY, ETC. NOTE | |
| Bibliography, etc | Includes index |
| 942 ## - ADDED ENTRY ELEMENTS (KOHA) | |
| Koha item type | Reference |
| Withdrawn status | Lost status | Damaged status | Not for loan | Home library | Current library | Shelving location | Date acquired | Full call number | Accession Number | Price effective from | Koha item type |
|---|---|---|---|---|---|---|---|---|---|---|---|
| Anna Centenary Library | Anna Centenary Library | 3RD FLOOR, B WING | 27.02.2026 | 324.273 PAD.9 | 261039 | 27.02.2026 | Reference |